MARC

LEADER 00000nam0a2200000 4500
001 153585
005 20251208141632.0
035 |a (RuTPU)RU\TPU\book\166614 
090 |a 153585 
100 |a 20090213d1979 m y0rusy50 ca 
101 0 |a rus 
102 |a RU 
105 |a ac z 001zb 
200 1 |a Каторжанин-сибирский губернатор  |a Жизнь и труды Ф. И. Соймонова  |f Л. А. Гольденберг 
210 |a Магадан  |c Магаданское книжное издательство  |d 1979 
215 |a 287 с.  |c ил. 
225 1 |a Дальневосточная историческая библиотека 
320 |a Список основных работ и материалов Ф. И. Соймонова: с. 278-286. 
600 1 |a Соймонов  |b Ф. И.  |c российский государственный деятель  |c гидрограф  |c сибирский губернатор, сенатор  |f 1692-1780  |g Федор Иванович  |2 stltpush  |3 (RuTPU)RU\TPU\pers\14694  |9 4906 
606 |a Сибирь  |x История  |9 83036 
610 1 |a 18 век 
610 1 |a наука 
610 1 |a культура 
610 1 |a Россия 
610 1 |a Дальний Восток 
675 |a 551.46/.49  |v 3 
686 |a Т3(253)  |2 rubbk 
700 1 |a Гольденберг  |b Л. А.  |g Леонид Аркадьевич 
801 1 |a RU  |b 63413507  |c 20090213  |g PSBO 
801 2 |a RU  |b 63413507  |c 20121117  |g PSBO 
942 |c BK